| 000 | 00704nam a2200205Ia 4500 | ||
|---|---|---|---|
| 008 | 140429s9999 xx 000 0 und d | ||
| 020 | _a9780471548096 | ||
| 050 |
_aHF 5549.5.A78 _b.Sp67 1993 |
||
| 100 | _aSpencer, Lyle M. | ||
| 245 |
_aCompetence at work : _bmodels for superior performance / _cLyle M. Spencer and Signe M. Spencer. |
||
| 260 |
_aNew York : _bJohn Wiley & Sons Inc., _cc1993. |
||
| 300 |
_a372 p. : _biil. ; _c24 cm. |
||
| 500 | _aIncludes bibliographical references and index. | ||
| 521 | _aBSBA | ||
| 650 | _aAssessment centers (Personnel management procedure). | ||
| 650 |
_aEmployees _xRating of. |
||
| 650 |
_aExecutives _xRating of. |
||
| 942 |
_kFOR _cBK |
||
| 999 |
_c115633 _d115633 |
||